| 000 | 01323cam a22003135a 4500 | ||
|---|---|---|---|
| 001 | L158457 | ||
| 008 | 081030s2013 xxk f v 000 0 eng d | ||
| 020 | _a9781783210367 | ||
| 035 | _a(Sirsi) u158457 | ||
| 041 | 0 | _aeng | |
| 110 | 2 |
_aRoyal Institution of Chartered Surveyors _94900 |
|
| 245 | 0 | 0 |
_aDefects and rectifications _h[old edition] |
| 250 | _a1st ed. | ||
| 260 |
_aLondon _bRICS _c2013 |
||
| 300 | _a24 p. | ||
| 490 | 0 | _aRICS Guidance Note | |
| 490 | 0 | _aRICS Black Book | |
| 520 | _aCovers areas of interest such as what is a defect, the distinction between patent and latent defects, applicable law, making claims for defects, and practical considerations. Aimed at construction professionals who manage defective construction work or those who have to address the consequences when it occurs. | ||
| 520 | _aSuperseded by 2nd edition ISBN 9781783215348 | ||
| 521 | _aAdvanced | ||
| 590 | _aKA | ||
| 650 | 2 | 4 | _aLATENT DEFECTS |
| 650 | 2 | 4 | _aBLACK BOOK |
| 650 | 2 | 4 | _aRICS QS AND CONSTRUCTION STANDARDS |
| 651 | 4 | _aUnited Kingdom | |
| 690 | _aBuilding materials and defects | ||
| 856 | 4 | 1 |
_uhttps://www.isurv.com/downloads/file/5812/archive_defects_and_rectifications_1st_edition_rics_guidance_note_december_2013%E2%80%93june_2018 _zArchived on isurv (subscription required) |
| 942 |
_n0 _2ddc |
||
| 999 |
_c115319 _d115319 |
||